<?xml version="1.0" encoding="UTF-8"?><?xml-stylesheet type="text/xsl" href="static/style.xsl"?><OAI-PMH xmlns="http://www.openarchives.org/OAI/2.0/" xmlns:xsi="http://www.w3.org/2001/XMLSchema-instance" xsi:schemaLocation="http://www.openarchives.org/OAI/2.0/ http://www.openarchives.org/OAI/2.0/OAI-PMH.xsd"><responseDate>2026-04-18T04:26:29Z</responseDate><request verb="GetRecord" identifier="oai:www.recercat.cat:2445/186709" metadataPrefix="marc">https://recercat.cat/oai/request</request><GetRecord><record><header><identifier>oai:recercat.cat:2445/186709</identifier><datestamp>2025-12-05T10:01:21Z</datestamp><setSpec>com_2072_1057</setSpec><setSpec>col_2072_478819</setSpec><setSpec>col_2072_478917</setSpec></header><metadata><record xmlns="http://www.loc.gov/MARC21/slim" xmlns:dcterms="http://purl.org/dc/terms/" xmlns:xsi="http://www.w3.org/2001/XMLSchema-instance" xmlns:doc="http://www.lyncode.com/xoai" xsi:schemaLocation="http://www.loc.gov/MARC21/slim http://www.loc.gov/standards/marcxml/schema/MARC21slim.xsd">
   <leader>00925njm 22002777a 4500</leader>
   <datafield ind2=" " ind1=" " tag="042">
      <subfield code="a">dc</subfield>
   </datafield>
   <datafield ind2=" " ind1=" " tag="720">
      <subfield code="a">Cortés Timoner, María del Mar</subfield>
      <subfield code="e">author</subfield>
   </datafield>
   <datafield ind2=" " ind1=" " tag="260">
      <subfield code="c">2022-06-16T12:51:15Z</subfield>
   </datafield>
   <datafield ind2=" " ind1=" " tag="260">
      <subfield code="c">2022-06-16T12:51:15Z</subfield>
   </datafield>
   <datafield ind2=" " ind1=" " tag="260">
      <subfield code="c">2021-06-03</subfield>
   </datafield>
   <datafield ind2=" " ind1=" " tag="260">
      <subfield code="c">2022-06-16T12:51:15Z</subfield>
   </datafield>
   <datafield ind2=" " ind1=" " tag="520">
      <subfield code="a">El presente artículo se integra en el desarrollo de una investigación sobre la configuración del magisterio espiritual femenino en el marco de la Contrarreforma, a partir del análisis de los diversos cambios que sufrió la Adición (publicada por primera vez en 1588) a la Tercera Parte del Flos Sanctorum de Villegas (Cortés 2021) y de la atención a las destacables ausencias hagiográficas. La Adición relata vidas ejemplares de mujeres y hombres, nacidos en la Edad Media o el Renacimiento, que se consideraban merecedores de alcanzar la canonización y que, en algunos casos, la Iglesia acabó oficializando su santidad. Entre las modificaciones destaca, por una parte, la eliminación de la vida de la dominica María de la Visitación que, a su vez, influyó en la revisión de la biografía de la visionaria María de Ajofrín y, por otra parte, la incorporación del apartado dedicado a la jerónima Ana de Zúñiga, autora de un conjunto de biografías de religiosas vinculadas al convento de San Pablo de Toledo, que tiene muy en cuenta Villegas para la elaboración (en la segunda edición) de diez breves relaciones que se alzan en modelo de piedad afín a los valores tridentinos.</subfield>
   </datafield>
   <datafield tag="653" ind2=" " ind1=" ">
      <subfield code="a">Hagiografia</subfield>
   </datafield>
   <datafield tag="653" ind2=" " ind1=" ">
      <subfield code="a">Dones en la religió</subfield>
   </datafield>
   <datafield tag="653" ind2=" " ind1=" ">
      <subfield code="a">Censures eclesiàstiques</subfield>
   </datafield>
   <datafield tag="653" ind2=" " ind1=" ">
      <subfield code="a">Hagiography</subfield>
   </datafield>
   <datafield tag="653" ind2=" " ind1=" ">
      <subfield code="a">Women in religion</subfield>
   </datafield>
   <datafield tag="653" ind2=" " ind1=" ">
      <subfield code="a">Ecclesiastical censures</subfield>
   </datafield>
   <datafield tag="653" ind2=" " ind1=" ">
      <subfield code="a">Segle XVI</subfield>
   </datafield>
   <datafield tag="653" ind2=" " ind1=" ">
      <subfield code="a">16th century</subfield>
   </datafield>
   <datafield ind2="0" ind1="0" tag="245">
      <subfield code="a">Censuras, silencios y magisterio femenino en la Adición a la Tercera Parte del 'Flos Sanctorum' de Alonso de Villegas</subfield>
   </datafield>
</record></metadata></record></GetRecord></OAI-PMH>